[Event "Nova Gorica op 24th"]
[Site "Nova Gorica"]
[Date "2019.01.25"]
[Round "1"]
[White "Orel, Simona"]
[Black "Topolovec, Vid"]
[Result "1-0"]
[WhiteElo "1923"]
[BlackElo "1705"]
[PlyCount "61"]
[EventDate "2019.01.25"]
[EventType "swiss"]
[EventRounds "9"]
[EventCountry "SLO"]
[SourceTitle "CBM 188 Extra"]
[Source "ChessBase"]
[SourceDate "2019.02.26"]
[SourceVersion "1"]
[SourceVersionDate "2019.02.26"]
[SourceQuality "1"]

1. d4 d5 2. c4 e6 3. Nf3 Nf6 4. Bg5 Be7 5. e3 0-0 6. Nc3 c5 7. cxd5 cxd4 8. exd4 Nxd5 9. Bxe7 Qxe7 10. Bc4 Nxc3 11. bxc3 b6 12. 0-0 Bb7 13. Rc1 Rd8 14. Qe2 Nc6 15. Rfe1 Qf6 16. Bd3 Ne7 17. Ne5 Nd5 18. Qe4 g6 19. c4 Qe7 20. cxd5 Bxd5 21. Qe3 Bxa2 22. Nc6 Qd7 23. Nxd8 Rxd8 24. Bc4 Bxc4 25. Rxc4 b5 26. Rc5 a6 27. h3 Qb7 28. Ra1 b4 29. Qd3 b3 30. Rb1 Rb8 31. Qc3 1-0

[Event "Pula op 32nd"]
[Site "Pula"]
[Date "2018.06.23"]
[Round "1"]
[White "Orel, Simona"]
[Black "Gumularz, Szymon"]
[Result "0-1"]
[WhiteElo "1902"]
[BlackElo "2452"]
[PlyCount "50"]
[EventDate "2018.06.23"]
[EventType "swiss"]
[EventRounds "9"]
[EventCountry "CRO"]
[SourceTitle "CBM 185 Extra"]
[Source "ChessBase"]
[SourceDate "2018.07.29"]
[SourceVersion "1"]
[SourceVersionDate "2018.07.29"]
[SourceQuality "1"]

1. d4 g6 2. c4 Bg7 3. Nc3 d6 4. e4 Nc6 5. Be3 e5 6. d5 Nce7 7. f3 f5 8. Bd3 Nf6 9. Nge2 0-0 10. b4 fxe4 11. Nxe4 Nf5 12. Bd2 Nxe4 13. Bxe4 Qh4+ 14. g3 Qh3 15. Kf2 Nd4 16. Nxd4 exd4 17. Qf1 Qh5 18. Qd3 Bg4 19. Ke2 Rae8 20. Raf1 Qf5 21. fxg4 Rxe4+ 22. Kd1 Re1+ 23. Kc2 Qxd3+ 24. Kxd3 Rexf1 25. Rxf1 Rxf1 0-1

[Event "Portoroz op 10th"]
[Site "Portoroz"]
[Date "2016.07.30"]
[Round "9"]
[White "Orel, Simona"]
[Black "Kassebaum, Leon Maximilian"]
[Result "1/2-1/2"]
[WhiteElo "1915"]
[BlackElo "2000"]
[PlyCount "37"]
[EventDate "2016.07.23"]
[EventType "swiss"]
[EventRounds "9"]
[EventCountry "SLO"]
[SourceTitle "EXT 2017"]
[Source "ChessBase"]
[SourceDate "2016.10.25"]
[SourceVersion "1"]
[SourceVersionDate "2016.10.25"]
[SourceQuality "1"]

1. d4 Nf6 2. c4 g6 3. Nc3 Bg7 4. e4 0-0 5. Nf3 c6 6. Be2 d5 7. e5 Ne4 8. cxd5 cxd5 9. Qb3 e6 10. Be3 Nc6 11. 0-0-0 Nxc3 12. Qxc3 Bd7 13. Kb1 Rc8 14. Qd2 Qa5 15. Qxa5 Nxa5 16. b3 Rc7 17. Rc1 Rfc8 18. Rxc7 Rxc7 19. Rc1 1/2-1/2

[Event "Nova Gorica op 21st"]
[Site "Nova Gorica"]
[Date "2016.02.04"]
[Round "9"]
[White "Orel, Simona"]
[Black "Kobal, Sasa"]
[Result "1/2-1/2"]
[WhiteElo "1975"]
[BlackElo "1801"]
[PlyCount "151"]
[EventDate "2016.01.29"]
[EventType "swiss"]
[EventRounds "9"]
[EventCountry "SLO"]
[SourceTitle "CBM 170 Extra"]
[Source "ChessBase"]
[SourceDate "2016.02.25"]
[SourceVersion "1"]
[SourceVersionDate "2016.02.25"]
[SourceQuality "1"]

1. d4 Nf6 2. c4 c5 3. d5 e6 4. Nc3 exd5 5. cxd5 d6 6. e4 g6 7. f4 Bg7 8. Bb5+ Nfd7 9. Nf3 0-0 10. 0-0 a6 11. Bxd7 Nxd7 12. a4 Re8 13. Qc2 b6 14. Bd2 Qc7 15. Rae1 Bb7 16. h4 Nf6 17. g3 Qd7 18. Kg2 b5 19. axb5 axb5 20. Nd1 Bc8 21. Rh1 Qc7 22. Nf2 Qb6 23. Ng5 b4 24. Qd3 Nd7 25. h5 Bxb2 26. hxg6 hxg6 27. Ng4 Bg7 28. Nh6+ Bxh6 29. Rxh6 Nf8 30. Qb1 f6 31. Qb2 Qd8 32. Reh1 Rb8 33. Nh7 Kf7 34. Nxf6 c4 35. Nxe8 c3 36. Nxd6+ Qxd6 37. Bxc3 bxc3 38. Qxc3 Ke8 39. Rc1 Bd7 40. Rc2 Rb4 41. Re2 Bg4 42. Re1 Qb6 43. Qc6+ Qxc6 44. dxc6 Rb2+ 45. Kg1 Rc2 46. Ra1 Rxc6 47. Rh8 Rc8 48. Ra3 Rd8 49. Kf2 Kf7 50. Ra7+ Ke6 51. Ke3 Bh5 52. f5+ Kf6 53. fxg6 Bxg6 54. Ra6+ Kg7 55. Rh4 Rd7 56. Rg4 Re7 57. Rg5 Rxe4+ 58. Kf3 Re7 59. Rga5 Rf7+ 60. Kg4 Re7 61. Ra7 Rxa7 62. Rxa7+ Kf6 63. Ra6+ Kg7 64. Kf4 Bf7 65. g4 Ng6+ 66. Kg5 Ne5 67. Kf5 Ng6 68. Ra7 Nh4+ 69. Kg5 Ng6 70. Rb7 Ne5 71. Kf5 Ng6 72. g5 Nh4+ 73. Kg4 Ng6 74. Ra7 Ne5+ 75. Kf5 Ng6 76. Rb7 1/2-1/2

[Event "Nova Gorica op 21st"]
[Site "Nova Gorica"]
[Date "2016.01.31"]
[Round "5"]
[White "Orel, Simona"]
[Black "Camana, Filippo"]
[Result "0-1"]
[WhiteElo "1975"]
[BlackElo "1795"]
[PlyCount "132"]
[EventDate "2016.01.29"]
[EventType "swiss"]
[EventRounds "9"]
[EventCountry "SLO"]
[SourceTitle "CBM 170 Extra"]
[Source "ChessBase"]
[SourceDate "2016.02.25"]
[SourceVersion "1"]
[SourceVersionDate "2016.02.25"]
[SourceQuality "1"]

1. d4 d5 2. c4 c6 3. cxd5 cxd5 4. Nf3 Nf6 5. Nc3 Bf5 6. Qb3 Qb6 7. Nxd5 Qxb3 8. Nxf6+ exf6 9. axb3 Bc2 10. e3 Bxb3 11. Bb5+ Nd7 12. Bd2 a6 13. Bd3 Bd6 14. 0-0 0-0 15. Be4 Rab8 16. Rfc1 Rfe8 17. Bd3 Bd5 18. h3 Rbc8 19. Bf5 Rxc1+ 20. Rxc1 Nb6 21. Ne1 Nc4 22. Bc3 g6 23. Bg4 b5 24. b3 Na3 25. b4 Nc4 26. Nd3 Ra8 27. Ra1 Nb6 28. Nc5 f5 29. Be2 Bxc5 30. dxc5 Na4 31. Bf6 Re8 32. Bd1 Bc6 33. Bb3 Re4 34. Rd1 Kf8 35. Rd8+ Re8 36. Rd6 Rc8 37. Bd4 Rc7 38. f4 Bb7 39. Bf6 Bc6 40. Rd8+ Be8 41. Ra8 Rc6 42. Bd5 Rxf6 43. c6 Nb6 44. c7 Rd6 45. Rb8 Rxd5 46. Rxb6 Rd1+ 47. Kf2 Rc1 48. Rb7 Kg7 49. Ke2 Kf6 50. Kd2 Rc4 51. g4 fxg4 52. hxg4 Ke6 53. Ra7 Kd7 54. Rxa6 Kxc7 55. Ra8 Bd7 56. g5 Rxb4 57. Rh8 Rb2+ 58. Kc3 Rh2 59. Ra8 h5 60. gxh6 Rxh6 61. Kb4 Rh3 62. Ra3 Kb6 63. Rd3 Be6 64. f5 Rh4+ 65. Rd4 Rxd4+ 66. exd4 gxf5 0-1

[Event "Nova Gorica op 21st"]
[Site "Nova Gorica"]
[Date "2016.01.30"]
[Round "2"]
[White "Blagojevic, Tijana"]
[Black "Orel, Simona"]
[Result "1-0"]
[WhiteElo "2253"]
[BlackElo "1975"]
[PlyCount "113"]
[EventDate "2016.01.29"]
[EventType "swiss"]
[EventRounds "9"]
[EventCountry "SLO"]
[SourceTitle "CBM 170 Extra"]
[Source "ChessBase"]
[SourceDate "2016.02.25"]
[SourceVersion "1"]
[SourceVersionDate "2016.02.25"]
[SourceQuality "1"]

1. e4 c6 2. d4 d5 3. e5 Bf5 4. Nd2 h5 5. Be2 g6 6. Ngf3 Nh6 7. Nb3 b6 8. c4 Be4 9. Nbd2 Bf5 10. 0-0 Bg7 11. Re1 0-0 12. Nf1 Bg4 13. cxd5 cxd5 14. Ne3 Bc8 15. Qb3 e6 16. Bd2 Ba6 17. Bd1 Qd7 18. Rc1 Rc8 19. Rxc8+ Qxc8 20. Bc2 Nc6 21. Rc1 Qb7 22. Bd1 Rc8 23. h3 Ne7 24. Rxc8+ Qxc8 25. g4 hxg4 26. hxg4 Nc6 27. Kg2 Qd7 28. Qc2 Qc8 29. Qc1 Kh7 30. Ba4 Ne7 31. Qh1 Kg8 32. Qh4 Nc6 33. Nc2 b5 34. Bb3 Qf8 35. Nfe1 Bc8 36. Nd3 a5 37. a3 Qe7 38. Bg5 Qf8 39. f3 Nb8 40. Qe1 a4 41. Ba2 f5 42. exf6 Bxf6 43. Bf4 Nd7 44. g5 Bxg5 45. Bxg5 Kf7 46. Ne5+ Nxe5 47. Qxe5 Ng8 48. Qc7+ Ne7 49. Bxe7 Qxe7 50. Qxe7+ Kxe7 51. Ne3 Bd7 52. Bb1 g5 53. Bd3 Kd6 54. Ng4 Be8 55. Kg3 Kc7 56. Nf6 Bf7 57. Bxb5 1-0

[Event "Nova Gorica op 21st"]
[Site "Nova Gorica"]
[Date "2016.01.30"]
[Round "3"]
[White "Orel, Simona"]
[Black "Bajt, Ales"]
[Result "1-0"]
[WhiteElo "1975"]
[BlackElo "1276"]
[PlyCount "144"]
[EventDate "2016.01.29"]
[EventType "swiss"]
[EventRounds "9"]
[EventCountry "SLO"]
[SourceTitle "CBM 170 Extra"]
[Source "ChessBase"]
[SourceDate "2016.02.25"]
[SourceVersion "1"]
[SourceVersionDate "2016.02.25"]
[SourceQuality "1"]

1. d4 Nf6 2. c4 g6 3. Nc3 d5 4. cxd5 Nxd5 5. e4 Nxc3 6. bxc3 Bg7 7. Bc4 0-0 8. Ne2 c6 9. 0-0 e5 10. Be3 b5 11. Bb3 Bb7 12. f3 Nd7 13. Qc1 Qb6 14. dxe5 Qc7 15. f4 c5 16. Bd5 Rac8 17. Rd1 Nb6 18. Bxb7 Qxb7 19. Ng3 Nc4 20. Rd5 Qc6 21. Rxc5 Qb7 22. Rxc8 Rxc8 23. Bd4 Bh6 24. Qf1 Nd2 25. Qf2 Nc4 26. Rc1 a6 27. Nf1 Bf8 28. Nd2 Na5 29. Qf3 Rd8 30. Nb3 Nc6 31. Bf2 a5 32. Rd1 Rc8 33. h3 Qa8 34. Rd5 b4 35. cxb4 Nxb4 36. Rxa5 Qb7 37. Ra7 Qc6 38. Qe2 h6 39. f5 Re8 40. fxg6 Qxg6 41. Qb5 Rd8 42. Rd7 Rxd7 43. Qxd7 Qxe4 44. Qe8 Kg7 45. Nd2 Qd5 46. Nf3 Nxa2 47. Qa4 Nc3 48. Qg4+ Kh8 49. Qc8 Kg7 50. Qxc3 h5 51. Bd4 Be7 52. Qc7 Qe6 53. Bc5 Bxc5+ 54. Qxc5 Qf5 55. Qd4 Qe6 56. Ng5 Qf5 57. Ne4 Qe6 58. Nf6 h4 59. Qe4 Kf8 60. Qa8+ Kg7 61. Qg8+ Kh6 62. Qh7+ Kg5 63. Qh5+ Kf4 64. Qxh4+ Kxe5 65. Ng4+ Kd4 66. Nh2+ Kd3 67. Qg3+ Kc2 68. Qf2+ Kd1 69. Nf3 Kc1 70. Qe1+ Qxe1+ 71. Nxe1 Kd2 72. Kf2 Kc3 1-0

[Event "SLO-chT (Women)"]
[Site "Ljubljana"]
[Date "2014.04.10"]
[Round "4.2"]
[White "Groselj, Petra"]
[Black "Orel, Simona"]
[Result "1/2-1/2"]
[WhiteElo "2116"]
[BlackElo "1937"]
[PlyCount "64"]
[EventDate "2014.04.04"]
[EventType "team-tourn"]
[EventRounds "7"]
[EventCountry "SLO"]
[SourceTitle "EXT 2019"]
[Source "ChessBase"]
[SourceDate "2018.10.10"]
[SourceVersion "1"]
[SourceVersionDate "2018.10.10"]
[SourceQuality "1"]
[WhiteTeam "Domzale (W)"]
[BlackTeam "Kranj Tomo Zupan (W)"]
[WhiteTeamCountry "SLO"]
[BlackTeamCountry "SLO"]

1. e4 c6 2. Nf3 d5 3. exd5 cxd5 4. Ne5 Nf6 5. d4 Nc6 6. Bb5 Bd7 7. Nxd7 Qxd7 8. c3 e6 9. 0-0 Be7 10. Bf4 0-0 11. Nd2 Rac8 12. Nf3 Qd8 13. Bd3 Re8 14. Ne5 Nxe5 15. dxe5 Nd7 16. Qh5 g6 17. Qe2 a6 18. Rad1 Bg5 19. Bxg5 Qxg5 20. f4 Qe7 21. Rf3 Red8 22. Rg3 Nf8 23. f5 exf5 24. Bxf5 Rc4 25. Bc2 Qc5+ 26. Kh1 Rf4 27. Rf3 Rxf3 28. Qxf3 Ne6 29. Bb3 Nc7 30. Rd4 b5 31. h3 Rd7 32. Qd3 Qe7 1/2-1/2

[Event "SLO-chT (Women)"]
[Site "Ljubljana"]
[Date "2014.04.04"]
[Round "1.3"]
[White "Orel, Simona"]
[Black "Kolaric, Spela"]
[Result "1/2-1/2"]
[WhiteElo "1937"]
[BlackElo "2035"]
[PlyCount "63"]
[EventDate "2014.04.04"]
[EventType "team-tourn"]
[EventRounds "7"]
[EventCountry "SLO"]
[SourceTitle "EXT 2019"]
[Source "ChessBase"]
[SourceDate "2018.10.10"]
[SourceVersion "1"]
[SourceVersionDate "2018.10.10"]
[SourceQuality "1"]
[WhiteTeam "Kranj Tomo Zupan (W)"]
[BlackTeam "Kocevje (W)"]
[WhiteTeamCountry "SLO"]
[BlackTeamCountry "SLO"]

1. d4 Nf6 2. Nf3 e6 3. c4 Bb4+ 4. Bd2 Qe7 5. a3 Bxd2+ 6. Qxd2 b6 7. e3 Ne4 8. Qc2 Bb7 9. Be2 0-0 10. 0-0 a5 11. Nc3 f5 12. Rad1 d6 13. Nd2 Nxc3 14. Qxc3 Nd7 15. Bf3 Bxf3 16. Nxf3 Rad8 17. b4 axb4 18. axb4 e5 19. d5 f4 20. e4 g5 21. g3 h6 22. Qd3 Ra8 23. Ra1 Qf6 24. g4 Qg6 25. Nd2 h5 26. h3 hxg4 27. hxg4 Nf6 28. f3 Qh6 29. Qe2 Kg7 30. Qh2 Qg6 31. Qg2 Nd7 32. Nb3 1/2-1/2

[Event "Porec op"]
[Site "Porec"]
[Date "2013.12.08"]
[Round "7"]
[White "Orel, Simona"]
[Black "Ghersinich, Enrico"]
[Result "0-1"]
[WhiteElo "1989"]
[BlackElo "1593"]
[PlyCount "108"]
[EventDate "2013.12.05"]
[EventType "swiss"]
[EventRounds "7"]
[EventCountry "CRO"]
[SourceTitle "CBM 157 Extra"]
[Source "ChessBase"]
[SourceDate "2013.12.19"]
[SourceVersion "1"]
[SourceVersionDate "2013.12.19"]
[SourceQuality "1"]

1. d4 Nf6 2. c4 e6 3. Nf3 c5 4. d5 exd5 5. cxd5 d6 6. Nc3 g6 7. e4 Nbd7 8. Bd3 a6 9. a4 Bg7 10. 0-0 0-0 11. h3 Re8 12. Re1 Qc7 13. Bf4 b6 14. Qd2 Bb7 15. Bh6 Rad8 16. Bxg7 Kxg7 17. Re3 c4 18. Bc2 Nc5 19. Qd4 Ncd7 20. Nd2 Rc8 21. Ne2 b5 22. axb5 axb5 23. Nc3 Qc5 24. Qxc5 Rxc5 25. Ra7 Rb8 26. Bd1 Nb6 27. b4 cxb3 28. Nxb3 Rcc8 29. Nxb5 Nc4 30. Re1 Nxe4 31. Bg4 Bxd5 32. Bxc8 Rxb5 33. Nd4 Rb2 34. Ne2 Ne5 35. Ra3 Bc4 36. Nc3 Nxf2 37. Ba6 Nxh3+ 38. Kh1 Bxa6 39. Rxa6 Nf4 40. Rxd6 Ng4 41. Rd4 Nxg2 42. Re2 Rxe2 43. Nxe2 N2e3 44. Nf4 h5 45. Ra4 f6 46. Ra7+ Kh6 47. Ne6 g5 48. Nf8 Nf2+ 49. Kg1 Nh3+ 50. Kh2 g4 51. Rh7+ Kg5 52. Ne6+ Kh4 53. Rg7 g3+ 54. Kh1 f5 0-1

[Event "SLO-chT (Women)"]
[Site "Murska Sobota"]
[Date "2012.04.15"]
[Round "3"]
[White "Orel, Simona"]
[Black "Dimitrijevic, Aleksandra"]
[Result "0-1"]
[WhiteElo "2002"]
[BlackElo "2274"]
[PlyCount "100"]
[EventDate "2012.04.13"]
[EventType "team-tourn"]
[EventRounds "7"]
[EventCountry "SLO"]
[SourceTitle "EXT 2022"]
[Source "ChessBase"]
[SourceDate "2021.10.06"]
[SourceVersion "1"]
[SourceVersionDate "2021.10.06"]
[SourceQuality "1"]
[WhiteTeam "Kranj Tomo Zupan (W)"]
[BlackTeam "Maribor ZSK (W)"]
[WhiteTeamCountry "SLO"]
[BlackTeamCountry "SLO"]

1. d4 Nf6 2. c4 d6 3. Nf3 Nbd7 4. Nc3 c6 5. e4 e5 6. Be2 Be7 7. 0-0 0-0 8. dxe5 dxe5 9. Bg5 Qc7 10. Qc2 Re8 11. Rfe1 Nf8 12. Rad1 Ng6 13. Rd2 h6 14. Be3 Nh5 15. a3 Nhf4 16. Bf1 Bg4 17. Ne2 Bxf3 18. gxf3 Nh4 19. Red1 Nxf3+ 20. Kh1 Nxd2 21. Rxd2 Nxe2 22. Bxe2 b6 23. Bg4 Rad8 24. Re2 Bg5 25. c5 Bxe3 26. Rxe3 b5 27. Rg3 Rd4 28. b4 a5 29. Qc1 axb4 30. axb4 Qe7 31. Bf3 Qf6 32. Kg2 Rxb4 33. Qa3 Ra4 34. Qe3 Rea8 35. Qd3 Ra3 36. Qd7 R3a7 37. Qd2 Rd8 38. Qc1 Rd3 39. Be2 Rxg3+ 40. hxg3 Ra2 41. Bf3 Ra4 42. Qb2 Qe7 43. Qd2 Qxc5 44. Qd7 g6 45. Qd2 Kg7 46. Qb2 Rc4 47. Qd2 Rc2 48. Qe1 Qd4 49. Bg4 b4 50. Bf3 b3 0-1

[Event "SLO-chT (Women)"]
[Site "Slovenia"]
[Date "2010.??.??"]
[Round "7"]
[White "Orel, Simona"]
[Black "Kolaric, Spela"]
[Result "1/2-1/2"]
[WhiteElo "2020"]
[BlackElo "1995"]
[PlyCount "55"]
[EventDate "2010.??.??"]
[EventType "team-tourn"]
[EventRounds "9"]
[EventCountry "SLO"]
[SourceTitle "EXT 2012"]
[Source "ChessBase"]
[SourceDate "2011.11.24"]
[SourceVersion "1"]
[SourceVersionDate "2011.11.24"]
[SourceQuality "1"]

1. d4 Nf6 2. c4 e6 3. Nc3 Bb4 4. Qb3 c5 5. e3 0-0 6. Bd3 Nc6 7. Nf3 h6 8. Bd2 Qb6 9. dxc5 Bxc5 10. Qxb6 Bxb6 11. Ne4 Nxe4 12. Bxe4 Rd8 13. Bc3 d5 14. cxd5 exd5 15. Bc2 d4 16. Nxd4 Nxd4 17. exd4 Bxd4 18. 0-0-0 Bb6 19. Rxd8+ Bxd8 20. Be4 Be6 21. b3 Rb8 22. Be5 Bc7 23. Bxc7 Rc8 24. Rd1 Rxc7+ 25. Kb2 Kf8 26. f4 Ke7 27. Rd2 b6 28. g3 1/2-1/2

[Event "SLO-chT1a West"]
[Site "Ljubljana"]
[Date "2009.10.10"]
[Round "2.5"]
[White "Kozarski, Filip"]
[Black "Orel, Simona"]
[Result "1-0"]
[WhiteElo "1916"]
[BlackElo "2041"]
[PlyCount "109"]
[EventDate "2009.10.09"]
[EventType "team-tourn"]
[EventRounds "9"]
[EventCountry "SLO"]
[SourceTitle "EXT 2012"]
[Source "ChessBase"]
[SourceDate "2011.11.24"]
[SourceVersion "1"]
[SourceVersionDate "2011.11.24"]
[SourceQuality "1"]
[WhiteTeam "Komenda"]
[BlackTeam "Kranj Tomo Zupan"]
[WhiteTeamCountry "SLO"]
[BlackTeamCountry "SLO"]

1. e4 c6 2. d4 d5 3. Nc3 dxe4 4. Nxe4 Nd7 5. Bc4 Ngf6 6. Ng5 e6 7. Qe2 Nb6 8. Bb3 h6 9. N5f3 Be7 10. c3 Qc7 11. Ne5 Nbd5 12. Ngf3 0-0 13. 0-0 c5 14. Rd1 a6 15. c4 Nb6 16. d5 exd5 17. cxd5 Bd6 18. Bd2 Re8 19. Ba5 Bxe5 20. Nxe5 Qd6 21. Bxb6 Qxb6 22. Nc4 Qd8 23. Qd2 Bg4 24. f3 Bd7 25. Qf2 b5 26. Nd6 Re5 27. Qxc5 Re2 28. Re1 Qe7 29. Ne4 Qxc5+ 30. Nxc5 Rxb2 31. Rad1 a5 32. Nd3 Rxb3 33. axb3 Nxd5 34. Nf4 Nxf4 35. Rxd7 Ne6 36. Rd5 b4 37. Ra1 g6 38. Rdxa5 Rxa5 39. Rxa5 Nd4 40. Ra4 Nxb3 41. Rxb4 Nc5 42. Rc4 Nd3 43. f4 Kg7 44. Kf1 Nb2 45. Rd4 g5 46. g3 Kf6 47. Ke2 gxf4 48. gxf4 Kf5 49. Kd2 Kg4 50. Kc2 Kh3 51. Kxb2 Kxh2 52. Rd7 f5 53. Rf7 h5 54. Rxf5 h4 55. Rh5 1-0

[Event "SLO-ch (Women)"]
[Site "Otocec"]
[Date "2009.08.??"]
[Round "6"]
[White "Orel, Simona"]
[Black "Krivec, Jana"]
[Result "0-1"]
[WhiteElo "2063"]
[BlackElo "2325"]
[PlyCount "68"]
[EventDate "2009.08.??"]
[EventType "tourn"]
[EventRounds "7"]
[EventCountry "SLO"]
[SourceTitle "EXT 2010"]
[Source "ChessBase"]
[SourceDate "2010.11.25"]
[SourceVersion "1"]
[SourceVersionDate "2010.11.25"]
[SourceQuality "1"]

1. d4 Nf6 2. c4 d6 3. Nf3 Nbd7 4. Nc3 e5 5. e4 Be7 6. Be2 0-0 7. 0-0 c6 8. Qc2 Qc7 9. b3 Re8 10. Ba3 Nf8 11. Rad1 Ng6 12. Rfe1 Nf4 13. Bf1 Bg4 14. Re3 Ne6 15. Ne2 c5 16. dxe5 dxe5 17. Bb2 Nd4 18. Qb1 Bxf3 19. gxf3 Nh5 20. Red3 Nxe2+ 21. Bxe2 Nf4 22. R3d2 Bh4 23. Bf1 Qe7 24. Qc2 Qg5+ 25. Kh1 Re6 26. Rd6 Qh5 27. Qc3 Rxd6 28. Rxd6 Bxf2 29. Rd2 Bd4 30. Qc2 Qxf3+ 31. Bg2 Nxg2 32. Qd1 Qxd1+ 33. Rxd1 Bxb2 34. Kxg2 Bd4 0-1

[Event "SLO Cup"]
[Site "Otocec"]
[Date "2009.05.24"]
[Round "5"]
[White "Orel, Simona"]
[Black "Vavpetic, Vide"]
[Result "1-0"]
[WhiteElo "2023"]
[BlackElo "2243"]
[PlyCount "65"]
[EventDate "2009.05.22"]
[EventType "team-tourn"]
[EventRounds "5"]
[EventCountry "SLO"]
[SourceTitle "CBM 130 Extra"]
[Source "ChessBase"]
[SourceDate "2009.07.02"]
[SourceVersion "2"]
[SourceVersionDate "2009.07.15"]
[SourceQuality "1"]

1. d4 g6 2. c4 d6 3. Nc3 Bg7 4. e4 Nf6 5. Nf3 Na6 6. Be2 c5 7. 0-0 0-0 8. d5 Nc7 9. Qc2 e6 10. Bg5 h6 11. Be3 exd5 12. exd5 b5 13. Rad1 b4 14. Nb1 a5 15. b3 a4 16. Bd3 axb3 17. axb3 Ng4 18. Bf4 Nf6 19. h3 Nh5 20. Be3 f5 21. Bc1 Qf6 22. Rde1 Bd7 23. Re2 Rfe8 24. Rfe1 Rxe2 25. Rxe2 Ne8 26. Re1 Qf7 27. Qe2 Nhf6 28. Bf4 Bf8 29. Qb2 Kh7 30. Qc2 Ng7 31. Nbd2 Ngh5 32. Bh2 Bg7 33. Nh4 1-0

[Event "SLO-chT (Women)"]
[Site "Rogaska Slatina"]
[Date "2009.04.05"]
[Round "9"]
[White "Orehek, Spela"]
[Black "Orel, Simona"]
[Result "0-1"]
[WhiteElo "1859"]
[BlackElo "2023"]
[PlyCount "84"]
[EventDate "2009.03.27"]
[EventType "team-tourn"]
[EventRounds "9"]
[EventCountry "SLO"]
[SourceTitle "CBM 129 Extra"]
[Source "ChessBase"]
[SourceDate "2009.05.05"]
[SourceVersion "2"]
[SourceVersionDate "2009.05.20"]
[SourceQuality "1"]

1. e4 c6 2. d4 d5 3. exd5 cxd5 4. c4 Nf6 5. Nc3 Nc6 6. Nf3 Bg4 7. cxd5 Nxd5 8. Bc4 e6 9. Bxd5 exd5 10. 0-0 Be7 11. h3 Be6 12. Qb3 Qd7 13. Bf4 0-0 14. Ne5 Nxe5 15. Bxe5 Rac8 16. f4 f6 17. f5 Bf7 18. Bg3 Rc4 19. Rad1 a6 20. Qc2 Bb4 21. Qa4 Qc8 22. Ne2 Re8 23. Nf4 Bc5 24. Qb3 Bxd4+ 25. Kh2 b5 26. Qd3 Bxb2 27. Nxd5 Rd4 28. Qb1 Rxd1 29. Rxd1 Be5 30. Qb4 Bxd5 31. Rxd5 Qxf5 32. Bxe5 fxe5 33. Qd6 Qe6 34. Qxe6+ Rxe6 35. Kg3 Kf7 36. Kf3 Kf6 37. Ke4 Rc6 38. Rd2 Rc4+ 39. Kd5 g5 40. Rf2+ Rf4 41. Rc2 Rd4+ 42. Kc5 Rc4+ 0-1

[Event "SLO-chT (Women)"]
[Site "Rogaska Slatina"]
[Date "2009.04.04"]
[Round "7"]
[White "Topic, Jelena"]
[Black "Orel, Simona"]
[Result "0-1"]
[WhiteElo "1967"]
[BlackElo "2023"]
[PlyCount "138"]
[EventDate "2009.03.27"]
[EventType "team-tourn"]
[EventRounds "9"]
[EventCountry "SLO"]
[SourceTitle "CBM 129 Extra"]
[Source "ChessBase"]
[SourceDate "2009.05.05"]
[SourceVersion "2"]
[SourceVersionDate "2009.05.20"]
[SourceQuality "1"]

1. e4 c6 2. d4 d5 3. Nc3 dxe4 4. Nxe4 Nd7 5. Nf3 Ngf6 6. Ng3 Nb6 7. h3 g6 8. Bd3 Bg7 9. c4 0-0 10. 0-0 Qc7 11. Rb1 c5 12. dxc5 Qxc5 13. Be3 Qc7 14. b3 Bd7 15. Qe2 Rfe8 16. Rbd1 Rad8 17. Rfe1 Nc8 18. Qc2 e5 19. Ng5 Bc6 20. N3e4 Nxe4 21. Bxe4 f5 22. Rxd8 Qxd8 23. Bxc6 bxc6 24. Qd1 Qe7 25. Nf3 Rd8 26. Qc2 e4 27. Bc1 Qd6 28. Nh2 Be5 29. Nf1 Qf6 30. Ne3 Rd3 31. Rd1 Rxd1+ 32. Qxd1 Qd6 33. Qxd6 Nxd6 34. Kf1 Kf7 35. Ke2 Ke6 36. Ba3 Nf7 37. Bc5 a6 38. Nc2 Bc3 39. Nb4 Bxb4 40. Bxb4 Ne5 41. Bd2 Nd3 42. g3 Ne5 43. Be3 Nf3 44. a4 g5 45. b4 Kd6 46. b5 cxb5 47. cxb5 axb5 48. axb5 Ng1+ 49. Kf1 Nxh3 50. Kg2 g4 51. Kh2 h6 52. Bxh6 Nxf2 53. Kg2 Nd3 54. Be3 Kd5 55. Kf1 Nc5 56. Ke2 Nb7 57. Bf2 Nd6 58. b6 Kc6 59. Bd4 Nc4 60. Kf2 Nxb6 61. Ke3 Nd5+ 62. Kf2 Kb5 63. Ke2 Kc4 64. Ba7 Ne7 65. Kd2 Nc6 66. Bb6 Kd5 67. Ke3 Nb4 68. Kf4 Ke6 69. Ba7 Nd5+ 0-1

[Event "SLO-chT (Women)"]
[Site "Kozje"]
[Date "2008.11.27"]
[Round "1"]
[White "Orel, Simona"]
[Black "Nadvesnik, Vilma"]
[Result "1-0"]
[WhiteElo "2016"]
[BlackElo "1930"]
[PlyCount "81"]
[EventDate "2008.11.27"]
[EventType "team-tourn"]
[EventRounds "9"]
[EventCountry "SLO"]
[SourceTitle "CBM 127 Extra"]
[Source "ChessBase"]
[SourceDate "2009.01.08"]
[SourceVersion "2"]
[SourceVersionDate "2009.01.28"]
[SourceQuality "1"]

1. d4 Nf6 2. c4 g6 3. Nc3 Bg7 4. e4 d6 5. Nf3 0-0 6. Be2 Bg4 7. Be3 Nc6 8. Rc1 Nd7 9. 0-0 Bxf3 10. Bxf3 e5 11. d5 Nd4 12. b4 a5 13. a3 axb4 14. axb4 c6 15. Be2 f5 16. f3 Ra3 17. Kh1 Qa8 18. Bd3 f4 19. Bf2 h5 20. Bh4 Bf6 21. Bf2 g5 22. Ne2 Nxe2 23. Bxe2 Qa4 24. dxc6 Qxc6 25. c5 dxc5 26. bxc5 Kg7 27. Bc4 Ra5 28. Bd5 Qc7 29. c6 bxc6 30. Rxc6 Qb8 31. Be6 Nc5 32. Rxc5 Rxc5 33. Bxc5 Rd8 34. Qa4 Kh6 35. Qb4 Qa8 36. Bd5 Qa6 37. Rb1 Qd3 38. Rg1 Rxd5 39. exd5 Qxd5 40. Bf8+ Kg6 41. Qe4+ 1-0

[Event "SLO-chT (Women)"]
[Site "Ljubljana"]
[Date "2007.12.01"]
[Round "3.1"]
[White "Hocevar, Maja"]
[Black "Orel, Simona"]
[Result "1-0"]
[WhiteElo "1994"]
[BlackElo "2017"]
[PlyCount "119"]
[EventDate "2007.11.29"]
[EventType "team"]
[EventRounds "9"]
[EventCountry "SLO"]
[SourceTitle "CBM 121 Extra"]
[Source "ChessBase"]
[SourceDate "2008.01.10"]
[SourceVersion "1"]
[SourceVersionDate "2008.01.10"]
[SourceQuality "1"]
[WhiteTeam "Murska Sobota (W)"]
[BlackTeam "Kranj (W)"]
[WhiteTeamCountry "SLO"]
[BlackTeamCountry "SLO"]

1. e4 c6 2. d4 d5 3. Nc3 dxe4 4. Nxe4 Nd7 5. Nf3 Ngf6 6. Ng3 Nb6 7. Bd3 Bg4 8. c3 e6 9. h3 Bxf3 10. Qxf3 Be7 11. 0-0 0-0 12. a4 a5 13. Bg5 Nbd7 14. Rfe1 Re8 15. Re2 Nf8 16. Bc2 Qd5 17. Qxd5 Nxd5 18. Bd2 Nf6 19. Rb1 Bd6 20. Nf1 Reb8 21. Ne3 N8d7 22. b4 axb4 23. cxb4 Nb6 24. a5 Nbd5 25. Nc4 Bc7 26. Ra1 Rd8 27. Ree1 Bf4 28. Ne3 Nc7 29. g3 Bh6 30. f4 Nh5 31. Kf2 g6 32. Ng4 Bg7 33. Ne5 Nb5 34. Be4 Rxd4 35. Re2 Rad8 36. Ra2 Bxe5 37. fxe5 Ng7 38. a6 bxa6 39. Bxc6 Nc7 40. Bg5 Rb8 41. Be7 Nf5 42. Bc5 Rdd8 43. Red2 Rxd2+ 44. Rxd2 Nb5 45. g4 Ng7 46. Ra2 h5 47. Rxa6 hxg4 48. hxg4 Nc3 49. Bd6 Rd8 50. b5 Ne8 51. b6 Nxd6 52. exd6 Rxd6 53. b7 Rd2+ 54. Ke3 Rb2 55. Ra8+ Kg7 56. b8Q Rxb8 57. Rxb8 f6 58. Rb3 Nd5+ 59. Bxd5 exd5 60. Rb5 1-0